| 000 | 01379nam a22003377a 4500 | ||
|---|---|---|---|
| 001 | 0024870 | ||
| 003 | KOHA_MİRAKIL | ||
| 005 | 20260207002452.0 | ||
| 007 | ta | ||
| 008 | 101126b2008 tu |||gr||||#0|||0|tur | | ||
| 020 | _a9789754048049 | ||
| 040 |
_aTR-BiSEU _btur _cTR-BiSEU _erda |
||
| 041 | 0 | _atur | |
| 044 | _ctu | ||
| 050 |
_aDR435 _b.T87 2008 |
||
| 111 | 2 |
_aTürk-Ermeni İlişkilerinde Yeni Yaklaşımlar Uluslararası Sempozyum _950606 |
|
| 240 | 1 | 0 |
_athe new approaches to Turkish-Armenian relations international symposium, 15-17 March 2006 _lTürkçe |
| 245 | 1 |
_aTürk-Ermeni ilişkilerinde yeni yaklaşımlar uluslararası sempozyum, 15-17 Mart 2006 = _bthe new approaches to Turkish-Armenian relations international symposium, 15-17 March 2006/ _cHazırlayan Şafak Ural, Feridun Emecen, Mustafa Aydın. |
|
| 264 | 1 |
_aİstanbul : _bİstanbul Üniversitesi _c2008 |
|
| 300 | _a949 sayfa; 24 cm. | ||
| 336 |
_ametin _btxt _2rdacontent |
||
| 337 |
_aaracısız _bn _2rdamedia |
||
| 338 |
_acilt _bnc _2rdacarrier |
||
| 490 | 1 |
_aİstanbul Üniversitesi ; _vyayın no: 4745 |
|
| 500 | _aKaynakça ve dizin var. | ||
| 650 | 0 |
_aTürkiye--Etnik ilişkiler--Ermeniler--Kongreler. _947174 |
|
| 650 | 0 |
_aTurkey--Ethnic relations--Armenians--Congresses. _947173 |
|
| 830 | 1 |
_aİstanbul Üniversitesi ; _vyayın no: 4745 _96964 |
|
| 907 | _aTarih | ||
| 942 |
_2lcc _cBK |
||
| 999 |
_c24820 _d24820 |
||